000 00371 a2200169 4500
001 177731
020 _a85-16-03119-5
040 _cMagnum
100 _aGóes, Lúcia Pimentel
240 1 0 _aFalando pelos cotovelos
_lpor
245 1 0 _aFalando pelos cotovelos
300 _a31
362 0 _a2002
440 1 _aModerna
697 _aLITERATURA INFANTO
942 _cBK
999 _c177731
_d177731